<?xml version="1.0" encoding="UTF-8"?>
<record
    xmlns:xsi="http://www.w3.org/2001/XMLSchema-instance"
    xsi:schemaLocation="http://www.loc.gov/MARC21/slim http://www.loc.gov/standards/marcxml/schema/MARC21slim.xsd"
    xmlns="http://www.loc.gov/MARC21/slim">

  <leader>00888na  a2200241   4500</leader>
  <controlfield tag="001">22631</controlfield>
  <controlfield tag="003">MIRAKIL</controlfield>
  <controlfield tag="005">20181213155249.0</controlfield>
  <controlfield tag="008">170305b        tu            000 0      </controlfield>
  <datafield tag="040" ind1=" " ind2=" ">
    <subfield code="a">Milas</subfield>
    <subfield code="b">tur</subfield>
    <subfield code="c">TR-AnCHP</subfield>
  </datafield>
  <datafield tag="041" ind1=" " ind2=" ">
    <subfield code="a">tur</subfield>
  </datafield>
  <datafield tag="082" ind1=" " ind2=" ">
    <subfield code="a">SHP 324.172</subfield>
    <subfield code="b">S13s 1992</subfield>
  </datafield>
  <datafield tag="090" ind1=" " ind2=" ">
    <subfield code="a">SHP 324.172 S13s 1992</subfield>
  </datafield>
  <datafield tag="100" ind1=" " ind2=" ">
    <subfield code="a">Sch&#xFC;ler, Harald</subfield>
  </datafield>
  <datafield tag="245" ind1=" " ind2=" ">
    <subfield code="a">SHP Yalova &#x130;l&#xE7;e &#xD6;rg&#xFC;t&#xFC; &#xF6;rne&#x11F;inde T&#xFC;rkiye'de parti &#xFC;yelerinin siyasal kat&#x131;l&#x131;m&#x131;</subfield>
    <subfield code="b">&#xDC;yelerle yap&#x131;lan bir anketin sonu&#xE7;lar&#x131; -a&#xE7;&#x131;klamal&#x131; tablolar-</subfield>
    <subfield code="c">Harald Sch&#xFC;ler</subfield>
  </datafield>
  <datafield tag="260" ind1=" " ind2=" ">
    <subfield code="a">N&#xFC;rnberg</subfield>
    <subfield code="b">T&#xDC;SES Yay&#x131;nlar&#x131;</subfield>
    <subfield code="c">1992</subfield>
  </datafield>
  <datafield tag="300" ind1=" " ind2=" ">
    <subfield code="a">48  s.</subfield>
    <subfield code="b">tbl.</subfield>
    <subfield code="c">30 sm.</subfield>
  </datafield>
  <datafield tag="610" ind1=" " ind2=" ">
    <subfield code="a">SHP</subfield>
    <subfield code="x">Siyasal kat&#x131;l&#x131;m</subfield>
    <subfield code="y">Ara&#x15F;t&#x131;rmalar</subfield>
    <subfield code="z">Yalova</subfield>
  </datafield>
  <datafield tag="650" ind1=" " ind2=" ">
    <subfield code="a">Siyaset&#xE7;iler</subfield>
    <subfield code="x">Siyasal kat&#x131;l&#x131;m</subfield>
    <subfield code="y">Ara&#x15F;t&#x131;rmalar</subfield>
    <subfield code="z">&#x130;stanbul</subfield>
  </datafield>
  <datafield tag="830" ind1=" " ind2=" ">
    <subfield code="a">T&#xFC;rkiye Sosyal Ekonomik Siyasal Ara&#x15F;t&#x131;rmalar Vakf&#x131; Yay&#x131;nlar&#x131;</subfield>
  </datafield>
  <datafield tag="942" ind1=" " ind2=" ">
    <subfield code="2">dcc</subfield>
    <subfield code="c">BKS</subfield>
  </datafield>
  <datafield tag="952" ind1=" " ind2=" ">
    <subfield code="5">1</subfield>
    <subfield code="a">0001</subfield>
    <subfield code="b">0001</subfield>
    <subfield code="d">2017-02-20</subfield>
    <subfield code="e">2</subfield>
    <subfield code="f"> SHP</subfield>
    <subfield code="l">0</subfield>
    <subfield code="o">SHP 324.172 S13s 1992</subfield>
    <subfield code="p">016665</subfield>
    <subfield code="r">2017-02-20 00:00:00</subfield>
    <subfield code="v">0.00</subfield>
    <subfield code="w">2017-02-20</subfield>
    <subfield code="x"> Ciltli</subfield>
    <subfield code="y">BKS</subfield>
  </datafield>
  <datafield tag="999" ind1=" " ind2=" ">
    <subfield code="c">9512</subfield>
    <subfield code="d">9512</subfield>
  </datafield>
</record>
